000 02075nam a22002777a 4500
003 Uzh_bibl
008 260421b |||||||| |||| 00| 0 ukr d
020 _a966-574-237-Х
_c20.00
040 _bукр.
041 _2ukr
_aukr
080 _a33
090 _a33
_bЕ 45
100 _a-
245 _aЕкономіка.
_cЗа ред. канд.екон.наук, доц. С. В. Степаненка
_hТекст
260 _aКиїв
_bКНЕУ
_c2001
300 _a306 с.
_bІл.
490 _v2-ге, доповнене видання
520 _aУ посібнику, підготовленому відповідно до навчальної програми, затвердженої Міністерством освіти і науки України, вперше зроблено спробу викласти учням загальноосвітньої середньої школи цілісний погляд на основи економіки як системи знань, необхідних наразі кожній людині без урахування її спеціальності та рівня освіти. Навчальний матеріал збудовано на конкретних українських економічних реаліях. Для учнів загальноосвітніх середніх шкіл, ліцеїв, гімназій, студентів неекономічних спеціальностей вузлів, а також для тих, кого цікавить компанія як наука.
521 _aДля широкого кола читачів
546 _aукр.
650 _aНавчальне видання
653 _aЕкономіка домашнього господарства.
_aПідприємства.
_aНаціональна економіка.
655 _aЕкономіка
_vНавчальний посібник
700 _aС.В. Степаненко, А. М. Поручник, А.С. Бебело та ін.
942 _2udc
_cBK
999 _c17416
_d17416